Profesiones técnicas y empleo / (Registro nro. 369)
[ vista simple ]
| 000 -LEADER | |
|---|---|
| fixed length control field | 01476nam a2200265Ia 4500 |
| 003 - CONTROL NUMBER IDENTIFIER | |
| control field | PE SENCICO BE |
| 005 - DATE AND TIME OF LATEST TRANSACTION | |
| control field | 20251020182435.0 |
| 008 - FIXED-LENGTH DATA ELEMENTS--GENERAL INFORMATION | |
| fixed length control field | 200515s9999 xx 000 0 und d |
| 040 ## - CATALOGING SOURCE | |
| Original cataloging agency | PE SENCICO BE |
| Transcribing agency | PE SENCICO BE |
| 041 ## - LANGUAGE CODE | |
| Language code of text/sound track or separate title | spa |
| 100 ## - MAIN ENTRY--PERSONAL NAME | |
| Personal name | Haya de la Torre, Raúl |
| 245 #0 - TITLE STATEMENT | |
| Title | Profesiones técnicas y empleo / |
| Statement of responsibility, etc. | Raul Haya de la Torre |
| 260 ## - PUBLICATION, DISTRIBUTION, ETC. | |
| Place of publication, distribution, etc. | Lima : |
| Name of publisher, distributor, etc. | FORTEPE ; |
| Date of publication, distribution, etc. | sin año |
| 300 ## - PHYSICAL DESCRIPTION | |
| Extent | 56 páginas : |
| Other physical details | tablas, gráficos ; |
| Dimensions | 24 cm. |
| 490 ## - SERIES STATEMENT | |
| Series statement | Plan de formación del profesorado |
| 500 1# - GENERAL NOTE | |
| General note | En la cubierta: Programa Marco de Formación Profesional Tecnológica en Perú. Convenio PER/B7-3011/95/004 Unión Europea - República del Perú. Ministerio de Educación |
| 505 0# - FORMATTED CONTENTS NOTE | |
| Formatted contents note | Contexto global: rasgos y tendencias fundamentales de la estructura económica y del empleo en el Perú -- Visión de conjunto de la situación laboral de los egresados. |
| 520 3# - SUMMARY, ETC. | |
| Summary, etc. | Ofrece una visión de conjunto sobre la situación laboral de 19 profesiones técnicas, que corresponden a la que se imparten en 12 institutos superiores tecnológicos (IST) estatales, ubicados en igual número de departamentos a nivel nacional. Se trata de una investigación basada en una muestra de los egresados de un determinado año de todas las carreras de dichos IST. |
| 650 10 - SUBJECT ADDED ENTRY--TOPICAL TERM | |
| Topical term or geographic name entry element | Profesiones |
| 9 (RLIN) | 2439 |
| 650 20 - SUBJECT ADDED ENTRY--TOPICAL TERM | |
| Topical term or geographic name entry element | Educación técnica |
| 9 (RLIN) | 2705 |
| 650 20 - SUBJECT ADDED ENTRY--TOPICAL TERM | |
| Topical term or geographic name entry element | Empleos |
| 9 (RLIN) | 2458 |
| 650 20 - SUBJECT ADDED ENTRY--TOPICAL TERM | |
| Topical term or geographic name entry element | Marcado de trabajo |
| 9 (RLIN) | 3050 |
| 650 20 - SUBJECT ADDED ENTRY--TOPICAL TERM | |
| Topical term or geographic name entry element | Educación superior |
| 9 (RLIN) | 2690 |
| 942 ## - ADDED ENTRY ELEMENTS (KOHA) | |
| Koha item type | Libros |
| Source of classification or shelving scheme | Dewey Decimal Classification |
| Fecha de la última vez que lo usaron | Número de ingreso o de inventario | Pago total | Signatura topográfica completa | Código de barras | Precio efectivo desde | Tipo de documento | Estado perdido | Sistema de clasificación | Estado dañado | No es para préstamo | Retirado | Ubicación permanente | Ubicación actual | Fecha de adquisición | Número de ejemplar |
|---|---|---|---|---|---|---|---|---|---|---|---|---|---|---|---|
| 15/05/2020 | 11843 | 331.71/H28 | BibLima25040072 | 20/10/2025 | Libros | Dewey Decimal Classification | Biblioteca Central Lima | Biblioteca Central Lima | 09/08/2001 | ||||||
| 15/05/2020 | 11844 | 331.71/H28/ej. 2 | BibLima25040073 | 15/05/2020 | Libros | Dewey Decimal Classification | Biblioteca Central Lima | Biblioteca Central Lima | 09/08/2001 | 2 |